<?xml version="1.0" encoding="UTF-8"?>
<record
    xmlns:xsi="http://www.w3.org/2001/XMLSchema-instance"
    xsi:schemaLocation="http://www.loc.gov/MARC21/slim http://www.loc.gov/standards/marcxml/schema/MARC21slim.xsd"
    xmlns="http://www.loc.gov/MARC21/slim">

  <leader>00942nab a2200253 uc4500</leader>
  <controlfield tag="001">552805</controlfield>
  <controlfield tag="005">20240817091341.0</controlfield>
  <controlfield tag="008">991006nuuuuuuuu                    spa  </controlfield>
  <datafield tag="035" ind1=" " ind2=" ">
    <subfield code="a">552805</subfield>
  </datafield>
  <datafield tag="035" ind1=" " ind2=" ">
    <subfield code="a">(OCoLC)819813022</subfield>
  </datafield>
  <datafield tag="040" ind1=" " ind2=" ">
    <subfield code="c">comduadb</subfield>
  </datafield>
  <datafield tag="041" ind1=" " ind2=" ">
    <subfield code="a">spa</subfield>
  </datafield>
  <datafield tag="100" ind1="1" ind2="0">
    <subfield code="a">Planes, J.</subfield>
    <subfield code="4">aut</subfield>
    <subfield code="e">aut</subfield>
    <subfield code="9">299509</subfield>
  </datafield>
  <datafield tag="245" ind1="1" ind2="0">
    <subfield code="a">Optimizacion de los procesos de limpieza y desinfeccion en la industria alimentaria : equipos, automatismos y sistemas de aplicacion</subfield>
  </datafield>
  <datafield tag="650" ind1=" " ind2="7">
    <subfield code="a">Industria alimentaria</subfield>
    <subfield code="2">agrovoc</subfield>
    <subfield code="9">9878</subfield>
  </datafield>
  <datafield tag="650" ind1=" " ind2=" ">
    <subfield code="a">Desinfecci&#xF3;n y desinfectantes</subfield>
    <subfield code="9">1027</subfield>
  </datafield>
  <datafield tag="650" ind1=" " ind2="7">
    <subfield code="a">Calidad total</subfield>
    <subfield code="2">embne</subfield>
    <subfield code="9">29803</subfield>
  </datafield>
  <datafield tag="650" ind1=" " ind2=" ">
    <subfield code="a">Limpieza industrial</subfield>
    <subfield code="9">36147</subfield>
  </datafield>
  <datafield tag="650" ind1=" " ind2="7">
    <subfield code="a">Mejoramiento de procesos</subfield>
    <subfield code="2">lemb</subfield>
    <subfield code="9">108954</subfield>
  </datafield>
  <datafield tag="700" ind1="1" ind2="0">
    <subfield code="a">Serra, Ma. M.</subfield>
    <subfield code="4">aut</subfield>
    <subfield code="e">aut</subfield>
    <subfield code="9">325713</subfield>
  </datafield>
  <datafield tag="700" ind1="1" ind2="0">
    <subfield code="a">Latorre, M.</subfield>
    <subfield code="4">aut</subfield>
    <subfield code="e">aut</subfield>
    <subfield code="9">503005</subfield>
  </datafield>
  <datafield tag="773" ind1="0" ind2=" ">
    <subfield code="t">Alimentaci&#xF3;n, Equipos y Tecnolog&#xED;a (Madrid)</subfield>
    <subfield code="g">Vol. 18, No. 01, Ene. 1999, p. 205-210</subfield>
    <subfield code="w">6916</subfield>
    <subfield code="x">0212-1689</subfield>
    <subfield code="0">3171</subfield>
  </datafield>
  <datafield tag="942" ind1=" " ind2=" ">
    <subfield code="c">ARIMP</subfield>
  </datafield>
  <datafield tag="999" ind1=" " ind2=" ">
    <subfield code="c">135961</subfield>
    <subfield code="d">135961</subfield>
  </datafield>
</record>
